000 00824nmc a2200313 a 4500
003 AR-BaBNM
005 20251128204116.0
008 265019s1984 ||||||||||||||000 | spa||
020 _a950-25-0061-X
040 _cAR-BaBNM
100 1 _aMoreau de Justo, Alicia
245 1 0 _aJuan B. Justo y el socialismo
260 _aBuenos Aires
_bCentro Editor de América Latina
_c1984
300 _a111 p.
490 0 _aBiblioteca política Argentina
_vv. 62
650 4 _aHISTORIA POLITICA
650 4 _aSOCIALISMO
650 4 _aPOLITICA NACIONAL
650 4 _aSOCIALISMO
650 4 _aSINDICATOS
650 4 _aMOVIMIENTO OBRERO
650 4 _aPROLETARIADO
650 4 _aSIGLO VEINTE
651 4 _aArgentina
700 1 _aJusto, Juan B.
800 1 _aTroncoso, Oscar
_edirector
942 _cBK
998 _cGrace
999 _c6210
_d6210